00854cam a22002051 450000100060000000300080000600500170001400800390003103500190007003500190008904000520010804100080016008200250016810000400019324502670023326000380050030000190053865100480055770000430060524748BD-RjUL20211209001108.0140315q1888 enk 000 0 eng a(BD-RjUL)24817 a(OCoLC)1452088 aDLCcOCUdOCoLCdWvEDdNStBUdDLCdBD-RjULbeng aeng a942.06bCLH V-5 18881 aClarendon, Edward Hyde,d1609-1674.14aThe history of the Rebellion and civil wars in England :cby Edward, Earl of Clarendon. Re-edited from a fresh collation of the original ms. in the Bodleian Library, with marginal dates and occasional notes, by W. Dunn Macray.bbegun in the year 1641 /nVolume V aOxford :bClarendon Press,c1888. a6 v. ;c20 cm. 0aGreat BritainxHistoryyStuarts, 1603-1714.1 aMacray, William Dunn,d1826-1916,eed.